長門〇〇駅 - Statistics

General Stats
  • This quiz has been taken 34 times
  • The average score is 6 of 10
Answer Stats
Answer % Correct
長門市
87%
長門本山
83%
長門三隅
67%
長門粟野
53%
長門湯本
53%
長門二見
50%
長門古市
50%
長門大井
43%
長門長沢
43%
長門峡
33%
No matching quizzes found
Score Distribution
Percent of People with Each Score
Percentile by Number Answered
Your Score History
You have not taken this quiz